[Event "Madrid ch superveteranos 2021"]
[Site "Madrid ESP"]
[Date "2021.03.10"]
[Round "3.7"]
[White "Perales Hernandez, Manuel"]
[Black "Barahona Torrijos, Angel"]
[Result "0-1"]
[WhiteElo "1331"]
[BlackElo "1842"]
[PlyCount "74"]
[EventDate "2021.03.08"]
[EventType "swiss"]
[EventRounds "9"]
[EventCountry "ESP"]
[SourceTitle "Ajedrez en Madrid"]
[Source "lmi"]
[SourceDate "2021.03.09"]
[SourceVersion "1"]
[SourceVersionDate "2021.03.17"]
[SourceQuality "1"]

1. e4 e5 2. Qh5 Nc6 3. Bc4 g6 4. Qd1 Nf6 5. d3 Bg7 6. Nc3 O-O 7. Bg5 h6 8. Bd2
d6 9. a3 Nd4 10. h3 c6 11. Ba2 d5 12. exd5 cxd5 13. Nf3 Nxf3+ 14. Qxf3 e4 15.
Qd1 exd3 16. cxd3 Re8+ 17. Ne2 Qb6 18. Qc1 Bf5 19. Bb1 Rac8 20. Qd1 Qxb2 21.
Ba2 Rc2 22. f3 Rxd2 23. Qxd2 Qxa1+ 24. Qd1 Qxa2 25. Kf2 Qxa3 26. Re1 Bxd3 27.
Nf4 Qc5+ 28. Kg3 Rxe1 29. Qxe1 Qc7 30. h4 g5 31. Kf2 Qxf4 32. Kg1 g4 33. Qc3
Qe3+ 34. Kh2 g3+ 35. Kh1 d4 36. Qb4 Qc1+ 37. Qe1 Qxe1# 0-1

[Event "Madrid ch superveteranos 2021"]
[Site "Madrid ESP"]
[Date "2021.03.11"]
[Round "4.1"]
[White "Cabañas Bravo, Juan Andres"]
[Black "Gonzalez Rivera, Eduardo"]
[Result "1/2-1/2"]
[WhiteElo "1922"]
[BlackElo "1999"]
[PlyCount "105"]
[EventDate "2021.03.08"]
[EventType "swiss"]
[EventRounds "9"]
[EventCountry "ESP"]
[SourceTitle "Ajedrez en Madrid"]
[Source "lmi"]
[SourceDate "2021.03.09"]
[SourceVersion "1"]
[SourceVersionDate "2021.03.17"]
[SourceQuality "1"]

1. e4 e5 2. Nf3 Nc6 3. Bc4 Nf6 4. Qe2 Bc5 5. Ng5 d5 6. exd5 Nxd5 7. Qh5 g6 8.
Qf3 Be6 9. d3 Nd4 10. Qd1 Be7 11. Nxe6 Nxe6 12. O-O Qd7 13. Qf3 c6 14. Bh6 Nd4
15. Qd1 Nf5 16. Bd2 Bf6 17. Na3 O-O 18. Bb3 Nd4 19. Nc4 Rad8 20. Be3 Nxe3 21.
fxe3 Nxb3 22. axb3 Bg5 23. Rxa7 Ra8 24. Qa1 Rae8 25. Qa6 Bxe3+ 26. Nxe3 Qd4 27.
Qxb7 Qxe3+ 28. Kh1 Qe2 29. Rfa1 Qxc2 30. h3 Rb8 31. Qc7 Qxd3 32. Qxe5 Qxb3 33.
Rf1 Qxb2 34. Qc7 Rbc8 35. Qd7 Qb3 36. Rf6 Rcd8 37. Qxc6 Rd1+ 38. Kh2 Qb8+ 39.
Qc7 Qxc7+ 40. Rxc7 Kg7 41. Rf2 Rd6 42. Kg3 Rf6 43. Rf4 Rxf4 44. Kxf4 Ra8 45. h4
Ra4+ 46. Kg3 h6 47. Kh3 g5 48. g3 g4+ 49. Kg2 Ra2+ 50. Kg1 Kg6 51. Rc4 f5 52.
Rc6+ Kg7 53. h5 1/2-1/2

[Event "Madrid ch superveteranos 2021"]
[Site "Madrid ESP"]
[Date "2021.03.11"]
[Round "4.2"]
[White "Martin Garcia, Luis I"]
[Black "Lopez Heras, Arturo"]
[Result "1/2-1/2"]
[WhiteElo "1860"]
[BlackElo "1750"]
[PlyCount "91"]
[EventDate "2021.03.08"]
[EventType "swiss"]
[EventRounds "9"]
[EventCountry "ESP"]
[SourceTitle "Ajedrez en Madrid"]
[Source "lmi"]
[SourceDate "2021.03.09"]
[SourceVersion "1"]
[SourceVersionDate "2021.03.17"]
[SourceQuality "1"]

1. e4 c5 2. Nf3 d6 3. d4 cxd4 4. Nxd4 Nf6 5. Nc3 a6 6. Bg5 e6 7. f4 Qb6 8. Qd2
Qxb2 9. Rb1 Qa3 10. Bxf6 gxf6 11. Be2 Nc6 12. f5 Qc5 13. Nxc6 bxc6 14. Na4 Qa7
15. Qc3 Be7 16. Qg3 Qd4 17. Nc3 exf5 18. Rd1 Qe5 19. Qf3 fxe4 20. Nxe4 d5 21.
Nd2 Rg8 22. Nc4 Qc7 23. Ne3 Qa5+ 24. Kf1 Be6 25. c4 O-O-O 26. cxd5 Bxd5 27.
Qf5+ Kc7 28. Nxd5+ Rxd5 29. Rxd5 Qxd5 30. Qxd5 cxd5 31. Kf2 Bc5+ 32. Kf3 Re8
33. Bd1 d4 34. Bb3 Re3+ 35. Kg4 d3 36. Rd1 Re4+ 37. Kf3 Rd4 38. Rc1 Kb6 39. Rc4
Rd6 40. Re4 a5 41. h3 d2 42. Ke2 Bb4 43. Re8 f5 44. Re5 Rg6 45. Kf3 Rd6 46. Ke2
1/2-1/2

[Event "Madrid ch superveteranos 2021"]
[Site "Madrid ESP"]
[Date "2021.03.11"]
[Round "4.3"]
[White "Fernandez Garcia, Ignacio"]
[Black "Pashov, Spas Nikolov"]
[Result "0-1"]
[WhiteElo "1804"]
[BlackElo "1819"]
[PlyCount "96"]
[EventDate "2021.03.08"]
[EventType "swiss"]
[EventRounds "9"]
[EventCountry "ESP"]
[SourceTitle "Ajedrez en Madrid"]
[Source "lmi"]
[SourceDate "2021.03.09"]
[SourceVersion "1"]
[SourceVersionDate "2021.03.17"]
[SourceQuality "1"]

1. e4 e5 2. Nf3 Nc6 3. Nc3 Nf6 4. Bc4 Bc5 5. d3 h6 6. h3 d6 7. Be3 Bb4 8. Bd2
Na5 9. Qe2 Be6 10. g4 g5 11. h4 Nxc4 12. dxc4 Bxc3 13. Bxc3 gxh4 14. Nxh4 Bxg4
15. f3 Be6 16. O-O-O Nh5 17. Ng2 Ng3 18. Qe1 Nxh1 19. Qxh1 Qf6 20. f4 O-O-O 21.
Qf1 Rdg8 22. f5 Qg5+ 23. Rd2 Bd7 24. Qf2 b6 25. b4 Qg3 26. Kb2 Qxf2 27. Rxf2
Bc6 28. Ne3 Bxe4 29. c5 f6 30. a4 d5 31. Bd2 d4 32. Nc4 Rg2 33. Rxg2 Bxg2 34.
cxb6 axb6 35. c3 Be4 36. cxd4 exd4 37. a5 b5 38. Na3 c6 39. Nc2 Bxc2 40. Kxc2
h5 41. Kd3 h4 42. Bf4 h3 43. Bh2 Rh4 44. a6 Rg4 45. Bd6 Rg2 46. Kxd4 h2 47.
Bxh2 Rxh2 48. Kc5 Kc7 0-1

[Event "Madrid ch superveteranos 2021"]
[Site "Madrid ESP"]
[Date "2021.03.11"]
[Round "4.4"]
[White "Infante Martin, Alonso"]
[Black "Ortiz Landeira, Jose Antonio"]
[Result "0-1"]
[WhiteElo "1389"]
[BlackElo "1759"]
[PlyCount "38"]
[EventDate "2021.03.08"]
[EventType "swiss"]
[EventRounds "9"]
[EventCountry "ESP"]
[SourceTitle "Ajedrez en Madrid"]
[Source "lmi"]
[SourceDate "2021.03.09"]
[SourceVersion "1"]
[SourceVersionDate "2021.03.17"]
[SourceQuality "1"]

1. d4 d5 2. c4 e6 3. Nc3 Bb4 4. Qc2 dxc4 5. a3 Bxc3+ 6. Qxc3 b5 7. Nf3 Nf6 8.
Bg5 Nbd7 9. e3 a6 10. Ne5 Bb7 11. f3 h6 12. Bh4 Rc8 13. Nxd7 Qxd7 14. Bxf6 gxf6
15. O-O-O Qe7 16. e4 O-O 17. h4 c5 18. d5 exd5 19. exd5 Qe5 0-1

[Event "Madrid ch superveteranos 2021"]
[Site "Madrid ESP"]
[Date "2021.03.11"]
[Round "4.5"]
[White "Barahona Torrijos, Angel"]
[Black "Ureña Castellanos, Antonio"]
[Result "1-0"]
[WhiteElo "1842"]
[BlackElo "1647"]
[PlyCount "55"]
[EventDate "2021.03.08"]
[EventType "swiss"]
[EventRounds "9"]
[EventCountry "ESP"]
[SourceTitle "Ajedrez en Madrid"]
[Source "lmi"]
[SourceDate "2021.03.09"]
[SourceVersion "1"]
[SourceVersionDate "2021.03.17"]
[SourceQuality "1"]

1. d4 Nf6 2. Bg5 d5 3. Nd2 e6 4. e3 Be7 5. Ngf3 a6 6. Bd3 h6 7. Bh4 c5 8. c3 c4
9. Bb1 Nc6 10. b4 cxb3 11. axb3 b5 12. e4 dxe4 13. Nxe4 Nxe4 14. Bxe4 Bb7 15.
Bg3 O-O 16. O-O Qb6 17. Qe2 b4 18. c4 Nxd4 19. Nxd4 Bf6 20. Bxb7 Qxb7 21. Be5
Bxe5 22. Qxe5 Rfd8 23. Rfd1 Rd7 24. Rd2 Rad8 25. Rad1 Qb6 26. c5 Qa5 27. Nxe6
Rxd2 28. Qxg7# 1-0

[Event "Madrid ch superveteranos 2021"]
[Site "Madrid ESP"]
[Date "2021.03.11"]
[Round "4.6"]
[White "Ghavami, Mahmoud"]
[Black "Perez Ramos, Miguel Angel"]
[Result "1-0"]
[WhiteElo "1525"]
[BlackElo "1153"]
[PlyCount "113"]
[EventDate "2021.03.08"]
[EventType "swiss"]
[EventRounds "9"]
[EventCountry "ESP"]
[SourceTitle "Ajedrez en Madrid"]
[Source "lmi"]
[SourceDate "2021.03.09"]
[SourceVersion "1"]
[SourceVersionDate "2021.03.17"]
[SourceQuality "1"]

1. d4 e6 2. Nf3 d5 3. e3 Nf6 4. Bd3 Nc6 5. a3 a6 6. Ne5 Nxe5 7. dxe5 Nd7 8. f4
Nc5 9. O-O Nxd3 10. cxd3 Bd7 11. b3 Be7 12. a4 c5 13. Qg4 g6 14. Bb2 h5 15. Qf3
Bc6 16. Nd2 d4 17. e4 b5 18. axb5 Bxb5 19. Nc4 Bxc4 20. bxc4 Qc7 21. Rfb1 Qc6
22. Qd1 a5 23. Bc1 Bd8 24. Rb5 Bb6 25. Bd2 O-O 26. Bxa5 Bxa5 27. Raxa5 Rxa5 28.
Rxa5 Ra8 29. Rxa8+ Qxa8 30. Kf1 Kf8 31. Ke2 Ke8 32. h4 Qa2+ 33. Kf3 Qb2 34. Qe2
Qc1 35. f5 gxf5 36. exf5 exf5 37. Kf2 Qf4+ 38. Kg1 Qc1+ 39. Qf1 Qe3+ 40. Kh1
Qxe5 41. Qf3 Qe1+ 42. Kh2 Qe5+ 43. g3 Qe3 44. Qxe3+ dxe3 45. Kg2 e2 46. Kf2
e1=Q+ 47. Kxe1 Ke7 48. Ke2 Ke6 49. Ke3 Ke5 50. Kf3 Kd4 51. Ke2 f6 52. Kd2 f4
53. gxf4 f5 54. Ke2 Kc3 55. Ke3 Kc2 56. d4 cxd4+ 57. Kxd4 1-0

[Event "Madrid ch superveteranos 2021"]
[Site "Madrid ESP"]
[Date "2021.03.11"]
[Round "4.7"]
[White "Plaza Plaza, Prudencio"]
[Black "Salgado Duarte, Pablo"]
[Result "0-1"]
[WhiteElo "1270"]
[BlackElo "1471"]
[PlyCount "70"]
[EventDate "2021.03.08"]
[EventType "swiss"]
[EventRounds "9"]
[EventCountry "ESP"]
[SourceTitle "Ajedrez en Madrid"]
[Source "lmi"]
[SourceDate "2021.03.09"]
[SourceVersion "1"]
[SourceVersionDate "2021.03.17"]
[SourceQuality "1"]

1. d4 d5 2. Bf4 Bf5 3. Nd2 e6 4. e3 h6 5. h3 a6 6. c4 Nf6 7. Ngf3 Nc6 8. a3 Bd6
9. Ne5 Bxe5 10. dxe5 Nd7 11. cxd5 exd5 12. Nf3 Be4 13. Be2 Ne7 14. O-O c6 15.
Qd4 Nf5 16. Qc3 O-O 17. Kh2 Bxf3 18. Bxf3 Nh4 19. Bg4 Ng6 20. Bg3 Qe7 21. f4
Nc5 22. Bf3 Nd7 23. b4 Nh4 24. Bg4 Ng6 25. Rad1 Rfd8 26. Rd2 Nb6 27. Rfd1 Rf8
28. Qd4 Nc4 29. Rd3 f6 30. exf6 Qxf6 31. e4 Qxd4 32. Rxd4 Ne3 33. Be6+ Kh8 34.
Rc1 Nxf4 35. exd5 Ne2 0-1

[Event "Madrid ch superveteranos 2021"]
[Site "Madrid ESP"]
[Date "2021.03.12"]
[Round "5.3"]
[White "Ortiz Landeira, Jose Antonio"]
[Black "Martin Garcia, Luis I"]
[Result "1-0"]
[WhiteElo "1759"]
[BlackElo "1860"]
[PlyCount "119"]
[EventDate "2021.03.08"]
[EventType "swiss"]
[EventRounds "9"]
[EventCountry "ESP"]
[SourceTitle "Ajedrez en Madrid"]
[Source "lmi"]
[SourceDate "2021.03.09"]
[SourceVersion "1"]
[SourceVersionDate "2021.03.17"]
[SourceQuality "1"]

1. c4 e5 2. Nc3 Nf6 3. d3 d5 4. cxd5 Nxd5 5. g3 Bb4 6. Bd2 Nc6 7. Bg2 Be6 8.
Nf3 Nxc3 9. Bxc3 Bxc3+ 10. bxc3 O-O 11. O-O Qd6 12. Qc2 Bf5 13. Nd2 Qe6 14. Qb3
Rab8 15. Qxe6 Bxe6 16. Rfb1 Rfd8 17. Rb2 Bd5 18. Rab1 Bxg2 19. Kxg2 b6 20. c4
Nd4 21. Nf3 Nxf3 22. Kxf3 Rd7 23. a4 Rbd8 24. a5 f5 25. axb6 axb6 26. Rc1 Rd4
27. c5 Rb8 28. cxb6 Rxb6 29. Rbc2 e4+ 30. dxe4 Rb3+ 31. Kg2 Rxe4 32. e3 Re7 33.
Rxc7 Rb7 34. Rxb7 Rxb7 35. Rc4 g6 36. g4 Rf7 37. gxf5 gxf5 38. Kf3 Rg7 39. Rc5
Rg5 40. Kf4 Rg2 41. f3 Rxh2 42. Rxf5 h5 43. Kg3 Rh1 44. e4 Kg7 45. e5 Kg6 46.
Rf6+ Kg7 47. f4 Rg1+ 48. Kh2 Rf1 49. Kg2 Re1 50. Rf5 Kg6 51. Rg5+ Kh6 52. Kf3
Ra1 53. Ke4 h4 54. Rg2 h3 55. Rh2 Ra3 56. Kf5 Kh5 57. e6 Ra5+ 58. Kf6 Kg4 59.
e7 Ra6+ 60. Kf7 1-0

[Event "Madrid ch superveteranos 2021"]
[Site "Madrid ESP"]
[Date "2021.03.12"]
[Round "5.4"]
[White "Fernandez Garcia, Ignacio"]
[Black "Barahona Torrijos, Angel"]
[Result "1-0"]
[WhiteElo "1804"]
[BlackElo "1842"]
[PlyCount "75"]
[EventDate "2021.03.08"]
[EventType "swiss"]
[EventRounds "9"]
[EventCountry "ESP"]
[SourceTitle "Ajedrez en Madrid"]
[Source "lmi"]
[SourceDate "2021.03.09"]
[SourceVersion "1"]
[SourceVersionDate "2021.03.17"]
[SourceQuality "1"]

1. e4 e5 2. Nf3 Nc6 3. Nc3 Nf6 4. Bc4 Bb4 5. d3 O-O 6. Bg5 h6 7. Bd2 d6 8. h3
Nd4 9. a3 Bc5 10. g4 Nxg4 11. Nxd4 exd4 12. hxg4 dxc3 13. bxc3 Be6 14. Bb3 c6
15. d4 Bb6 16. f4 Qe7 17. Qf3 Rae8 18. e5 Bxb3 19. cxb3 f6 20. f5 dxe5 21. d5
e4 22. Qe2 e3 23. Bc1 cxd5 24. Bb2 Qe4 25. O-O-O Rc8 26. Rhe1 d4 27. c4 Rfd8
28. Rd3 a5 29. a4 Bc5 30. Kb1 Bb4 31. Red1 Bd2 32. R1xd2 Rc7 33. Rd1 g6 34.
fxg6 Rg7 35. Ka2 Rxg6 36. Rxd4 Rxd4 37. Rxd4 Qe7 38. Rd3 1-0

[Event "Madrid ch superveteranos 2021"]
[Site "Madrid ESP"]
[Date "2021.03.12"]
[Round "5.5"]
[White "Infante Martin, Alonso"]
[Black "Ghavami, Mahmoud"]
[Result "0-1"]
[WhiteElo "1389"]
[BlackElo "1525"]
[PlyCount "138"]
[EventDate "2021.03.08"]
[EventType "swiss"]
[EventRounds "9"]
[EventCountry "ESP"]
[SourceTitle "Ajedrez en Madrid"]
[Source "lmi"]
[SourceDate "2021.03.09"]
[SourceVersion "1"]
[SourceVersionDate "2021.03.17"]
[SourceQuality "1"]

1. d4 Nf6 2. c4 e5 3. dxe5 Ng4 4. Nf3 Bc5 5. e3 Nc6 6. h3 Ngxe5 7. Be2 Nxf3+ 8.
Bxf3 Ne5 9. O-O O-O 10. Nc3 Re8 11. Qe2 a5 12. a4 Ra6 13. Rd1 Nxf3+ 14. Qxf3
Rf6 15. Qd5 Bb4 16. Ne4 Rg6 17. Kh2 Qe7 18. Ng3 Rg5 19. Qf3 Bd6 20. Qe2 Bxg3+
21. fxg3 Qe5 22. Qf3 Rf5 23. Qg4 c6 24. Rb1 Re6 25. b3 Rg6 26. Qh4 Rfg5 27. Qf4
Qxf4 28. exf4 Rxg3 29. Rb2 f5 30. c5 h5 31. Rg1 Rd3 32. Bd2 d6 33. cxd6 Rgxd6
34. Bxa5 Be6 35. b4 Ra3 36. Bc7 Rdd3 37. a5 Kf7 38. h4 Ke7 39. Bb6 Bd5 40. Re1+
Be4 41. Rc2 Rg3 42. Bc5+ Ke8 43. Rd2 Rg4 44. Re3 Rxh4+ 45. Kg1 Ra1+ 46. Kf2
Rxf4+ 47. Kg3 Rg4+ 48. Kh2 h4 49. Bd6 Rg6 50. Bf4 Rb1 51. Bc7 Rxb4 52. Rh3 Rh6
53. Bf4 Rh7 54. Bg5 Rb5 55. Rd8+ Kf7 56. Rd7+ Ke6 57. Re7+ Kd5 58. Rd7+ Kc4 59.
Be3 Rb2 60. Rd4+ Kb5 61. Rd2 Rxd2 62. Bxd2 g6 63. Rb3+ Ka6 64. Rb6+ Ka7 65. Be3
Ka8 66. a6 bxa6 67. Rxa6+ Kb8 68. Bf4+ Kb7 69. Ra4 c5 0-1

[Event "Madrid ch superveteranos 2021"]
[Site "Madrid ESP"]
[Date "2021.03.12"]
[Round "5.6"]
[White "Perez Ramos, Miguel Angel"]
[Black "Salgado Duarte, Pablo"]
[Result "0-1"]
[WhiteElo "1153"]
[BlackElo "1471"]
[PlyCount "38"]
[EventDate "2021.03.08"]
[EventType "swiss"]
[EventRounds "9"]
[EventCountry "ESP"]
[SourceTitle "Ajedrez en Madrid"]
[Source "lmi"]
[SourceDate "2021.03.09"]
[SourceVersion "1"]
[SourceVersionDate "2021.03.17"]
[SourceQuality "1"]

1. c3 d5 2. d4 Nf6 3. e3 Nc6 4. Be2 e5 5. Bb5 exd4 6. Bxc6+ bxc6 7. Qxd4 Bd6 8.
Nf3 O-O 9. O-O Re8 10. Qd1 Bg4 11. b4 Ne4 12. Bb2 Qf6 13. Nbd2 Nxd2 14. Qxd2
Bxf3 15. g3 Qh6 16. h4 Qe6 17. Kh2 Qg4 18. Qd4 Re4 19. Qd2 Qxh4+ 0-1

[Event "Madrid ch superveteranos 2021"]
[Site "Madrid ESP"]
[Date "2021.03.12"]
[Round "5.7"]
[White "Perales Hernandez, Manuel"]
[Black "Plaza Plaza, Prudencio"]
[Result "1-0"]
[WhiteElo "1331"]
[BlackElo "1270"]
[PlyCount "85"]
[EventDate "2021.03.08"]
[EventType "swiss"]
[EventRounds "9"]
[EventCountry "ESP"]
[SourceTitle "Ajedrez en Madrid"]
[Source "lmi"]
[SourceDate "2021.03.09"]
[SourceVersion "1"]
[SourceVersionDate "2021.03.17"]
[SourceQuality "1"]

1. e4 e6 2. d4 d5 3. e5 c5 4. b3 Nc6 5. Bb5 Bd7 6. Bxc6 bxc6 7. Ba3 Qb6 8. Nf3
Be7 9. O-O cxd4 10. Bxe7 Nxe7 11. Nxd4 O-O 12. Nc3 c5 13. Nf3 h6 14. a4 a5 15.
Qe2 Rfb8 16. Nd2 Nf5 17. Nf3 Bc6 18. Nb1 Bb7 19. Rd1 Bc6 20. Qd2 d4 21. g4 Bb7
22. gxf5 Bxf3 23. Re1 exf5 24. Qf4 Bg4 25. Nd2 Qc6 26. f3 g5 27. Qg3 Bh5 28. f4
f6 29. Qh3 Bg6 30. Qxh6 fxe5 31. fxe5 Qe6 32. Qxg5 Rb7 33. Kf2 Rh7 34. Nf3 Rh5
35. Qf6 Qxf6 36. exf6 Rf8 37. Re6 f4 38. Rg1 Kf7 39. Ra6 Rh6 40. Ne5+ Kg8 41.
Rxg6+ Kh7 42. Ra7+ Kh8 43. Rxh6+ 1-0

[Event "Madrid ch superveteranos 2021"]
[Site "Madrid ESP"]
[Date "2021.03.15"]
[Round "6.1"]
[White "Ortiz Landeira, Jose Antonio"]
[Black "Gonzalez Rivera, Eduardo"]
[Result "0-1"]
[WhiteElo "1759"]
[BlackElo "1999"]
[PlyCount "90"]
[EventDate "2021.03.08"]
[EventType "swiss"]
[EventRounds "9"]
[EventCountry "ESP"]
[SourceTitle "Ajedrez en Madrid"]
[Source "lmi"]
[SourceDate "2021.03.09"]
[SourceVersion "1"]
[SourceVersionDate "2021.03.17"]
[SourceQuality "1"]

1. Nf3 Nf6 2. g3 d5 3. d4 Bf5 4. Bg2 e6 5. O-O Bd6 6. Bg5 h6 7. Bxf6 Qxf6 8. c3
c6 9. Re1 Qd8 10. Nbd2 Nd7 11. e4 dxe4 12. Nxe4 Bxe4 13. Rxe4 Nf6 14. Re2 O-O
15. Ne5 Qc7 16. Nc4 Rfd8 17. Nxd6 Rxd6 18. Qb3 Rad8 19. Rae1 b6 20. Qc4 b5 21.
Qb3 a6 22. a4 Rb8 23. axb5 axb5 24. Qb4 Nd7 25. Ra1 c5 26. dxc5 Nxc5 27. Qg4
Rbd8 28. Qf3 Rd1+ 29. Re1 R1d2 30. Re2 Na4 31. Rxd2 Rxd2 32. Rd1 Rxd1+ 33. Qxd1
Nxb2 34. Qb3 Na4 35. Qxb5 Nxc3 36. Qd3 Qe5 37. Bf3 Nb5 38. Be4 f5 39. Bf3 Nd4
40. Bd1 Qe1+ 41. Kg2 Qe4+ 42. Qxe4 fxe4 43. Bh5 Kf8 44. Bg6 Nf5 45. g4 Nh4+ 0-1

[Event "Madrid ch superveteranos 2021"]
[Site "Madrid ESP"]
[Date "2021.03.15"]
[Round "6.2"]
[White "Ghavami, Mahmoud"]
[Black "Cabañas Bravo, Juan Andres"]
[Result "0-1"]
[WhiteElo "1525"]
[BlackElo "1922"]
[PlyCount "50"]
[EventDate "2021.03.08"]
[EventType "swiss"]
[EventRounds "9"]
[EventCountry "ESP"]
[SourceTitle "Ajedrez en Madrid"]
[Source "lmi"]
[SourceDate "2021.03.09"]
[SourceVersion "1"]
[SourceVersionDate "2021.03.17"]
[SourceQuality "1"]

1. c4 Nf6 2. g3 e5 3. Nc3 c6 4. e4 Bc5 5. Bg2 d6 6. Nge2 Ng4 7. O-O Qf6 8. Qe1
a5 9. h3 Nh6 10. d3 Qg6 11. Kh2 f5 12. f4 O-O 13. fxe5 dxe5 14. Na4 Ba7 15. Bd2
Na6 16. Bxa5 Ng4+ 17. Kh1 Ne3 18. Qc3 Nxf1 19. Rxf1 Be6 20. b4 fxe4 21. Rxf8+
Rxf8 22. Bxe4 Rf1+ 23. Kg2 Bxh3+ 24. Kh2 Rf2+ 25. Kh1 Qh5 0-1

[Event "Madrid ch superveteranos 2021"]
[Site "Madrid ESP"]
[Date "2021.03.15"]
[Round "6.3"]
[White "Pashov, Spas Nikolov"]
[Black "Lopez Heras, Arturo"]
[Result "1-0"]
[WhiteElo "1819"]
[BlackElo "1750"]
[PlyCount "103"]
[EventDate "2021.03.08"]
[EventType "swiss"]
[EventRounds "9"]
[EventCountry "ESP"]
[SourceTitle "Ajedrez en Madrid"]
[Source "lmi"]
[SourceDate "2021.03.09"]
[SourceVersion "1"]
[SourceVersionDate "2021.03.17"]
[SourceQuality "1"]

1. e4 c5 2. Nf3 d6 3. d4 cxd4 4. Nxd4 Nf6 5. Nc3 a6 6. Be2 e6 7. Be3 Be7 8. O-O
O-O 9. f4 Nc6 10. Bf3 Qc7 11. Qe2 Re8 12. Qf2 Rb8 13. a4 Na5 14. Nxe6 Bxe6 15.
Bb6 Qc4 16. Bxa5 d5 17. Bb6 dxe4 18. Be2 Qc6 19. a5 Rbc8 20. Rac1 Bc5 21. Bxc5
Qxc5 22. Ra1 Qxf2+ 23. Kxf2 Ng4+ 24. Bxg4 Bxg4 25. h3 Bd7 26. Ke3 f5 27. Rf2
Rc4 28. Rd2 Bc6 29. Ne2 Rc8 30. c3 Be8 31. Rd5 g6 32. g4 R4c5 33. Rad1 Bf7 34.
Rd8+ Kg7 35. Rxc8 Rxc8 36. Rd7 Rb8 37. Nd4 fxg4 38. hxg4 h5 39. g5 Kf8 40. Kxe4
Ke8 41. Rc7 Rd8 42. c4 Rd7 43. Rxd7 Kxd7 44. c5 h4 45. b4 h3 46. Kf3 Be6 47.
Kg3 Ke7 48. Nxe6 Kxe6 49. Kxh3 Kd5 50. Kg3 Kc4 51. f5 gxf5 52. g6 1-0

[Event "Madrid ch superveteranos 2021"]
[Site "Madrid ESP"]
[Date "2021.03.15"]
[Round "6.4"]
[White "Salgado Duarte, Pablo"]
[Black "Fernandez Garcia, Ignacio"]
[Result "0-1"]
[WhiteElo "1471"]
[BlackElo "1804"]
[PlyCount "80"]
[EventDate "2021.03.08"]
[EventType "swiss"]
[EventRounds "9"]
[EventCountry "ESP"]
[SourceTitle "Ajedrez en Madrid"]
[Source "lmi"]
[SourceDate "2021.03.09"]
[SourceVersion "1"]
[SourceVersionDate "2021.03.17"]
[SourceQuality "1"]

1. d4 c5 2. d5 d6 3. Nc3 Nf6 4. Nf3 g6 5. e4 Bg7 6. h3 O-O 7. Bd3 a6 8. Be3 b5
9. a3 Nbd7 10. O-O c4 11. Be2 Nc5 12. Bxc5 dxc5 13. Re1 Nh5 14. Qd2 Qc7 15.
Rab1 Rd8 16. Qe3 Nf4 17. e5 Nxd5 18. Nxd5 Rxd5 19. Rbd1 e6 20. Rxd5 exd5 21. c3
Be6 22. Bd1 a5 23. Ng5 b4 24. Nxe6 fxe6 25. cxb4 axb4 26. f4 bxa3 27. bxa3 Qa5
28. a4 Rb8 29. Rf1 d4 30. Qe4 Qa8 31. Qc2 c3 32. Qa2 Qd5 33. Qa1 Rb2 34. Bf3
Qc4 35. Bc6 d3 36. Bb5 Qd5 37. Rf3 c4 38. Qc1 Qd4+ 39. Kh2 c2 40. Qa1 d2 0-1

[Event "Madrid ch superveteranos 2021"]
[Site "Madrid ESP"]
[Date "2021.03.15"]
[Round "6.5"]
[White "Martin Garcia, Luis I"]
[Black "Barahona Torrijos, Angel"]
[Result "0-1"]
[WhiteElo "1860"]
[BlackElo "1842"]
[PlyCount "88"]
[EventDate "2021.03.08"]
[EventType "swiss"]
[EventRounds "9"]
[EventCountry "ESP"]
[SourceTitle "Ajedrez en Madrid"]
[Source "lmi"]
[SourceDate "2021.03.09"]
[SourceVersion "1"]
[SourceVersionDate "2021.03.17"]
[SourceQuality "1"]

1. e4 e5 2. Nf3 Nc6 3. Bb5 Bc5 4. O-O d6 5. d4 exd4 6. Nxd4 Bd7 7. Nxc6 bxc6 8.
Bc4 Qh4 9. Qf3 Nf6 10. Nc3 O-O 11. Bf4 Nh5 12. Bg3 Qg5 13. Be2 Nxg3 14. Qxg3
Qd2 15. Bd3 Qh6 16. Ne2 d5 17. Qf4 g5 18. Qf3 Bd6 19. Ng3 Be5 20. c3 Rab8 21.
Rab1 dxe4 22. Bxe4 f5 23. Bc2 f4 24. Nh1 g4 25. Qd1 Rbd8 26. Be4 Be6 27. Qc1
Bd5 28. Re1 Qh4 29. Qc2 Rd6 30. g3 Qh3 31. f3 fxg3 32. hxg3 Bxg3 33. Nxg3 Qxg3+
34. Qg2 Qxg2+ 35. Kxg2 gxf3+ 36. Kf2 Bxe4 37. Rxe4 Rd2+ 38. Ke3 Re2+ 39. Kd3
Rd8+ 40. Rd4 Rxd4+ 41. cxd4 Re6 42. a4 f2 43. Rf1 Rf6 44. a5 Kf7 0-1

[Event "Madrid ch superveteranos 2021"]
[Site "Madrid ESP"]
[Date "2021.03.15"]
[Round "6.6"]
[White "Ureña Castellanos, Antonio"]
[Black "Perales Hernandez, Manuel"]
[Result "1-0"]
[WhiteElo "1647"]
[BlackElo "1331"]
[PlyCount "71"]
[EventDate "2021.03.08"]
[EventType "swiss"]
[EventRounds "9"]
[EventCountry "ESP"]
[SourceTitle "Ajedrez en Madrid"]
[Source "lmi"]
[SourceDate "2021.03.09"]
[SourceVersion "1"]
[SourceVersionDate "2021.03.17"]
[SourceQuality "1"]

1. d4 e6 2. e4 Qh4 3. Nc3 Bb4 4. Bd3 d5 5. exd5 Qxd4 6. Bd2 exd5 7. Qe2+ Be6 8.
f4 Be7 9. Nf3 Qb4 10. b3 Qd6 11. Nb5 Qd7 12. f5 Bxf5 13. Bxf5 Qxf5 14. Nxc7+
Kf8 15. Nxa8 Qc8 16. O-O Nc6 17. Qb5 Nf6 18. Bg5 a6 19. Qd3 Bc5+ 20. Kh1 Ne4
21. Qxd5 Nf2+ 22. Rxf2 Bxf2 23. Rf1 Ba7 24. Qd6+ Kg8 25. Nc7 Bb8 26. Bf4 h6 27.
Re1 Kh7 28. Qd3+ g6 29. Nd5 Rd8 30. Nf6+ Kg7 31. Qc3 Rg8 32. Nxg8+ Kxg8 33.
Bxh6 Ne5 34. Qxc8+ Kh7 35. Qf8 Ng4 36. Qg7# 1-0

[Event "Madrid ch superveteranos 2021"]
[Site "Madrid ESP"]
[Date "2021.03.16"]
[Round "7.1"]
[White "Cabañas Bravo, Juan Andres"]
[Black "Fernandez Garcia, Ignacio"]
[Result "1-0"]
[WhiteElo "1922"]
[BlackElo "1804"]
[PlyCount "79"]
[EventDate "2021.03.08"]
[EventType "swiss"]
[EventRounds "9"]
[EventCountry "ESP"]
[SourceTitle "Ajedrez en Madrid"]
[Source "lmi"]
[SourceDate "2021.03.09"]
[SourceVersion "1"]
[SourceVersionDate "2021.03.17"]
[SourceQuality "1"]

1. e4 e5 2. d4 Nc6 3. c3 d6 4. Nf3 Bg4 5. Be2 Nf6 6. O-O Be7 7. Be3 Nxe4 8. d5
Nb8 9. Qa4+ Bd7 10. Qxe4 f5 11. Qb4 Bc8 12. a4 O-O 13. a5 a6 14. Qb3 g5 15.
Nxe5 Kg7 16. Nd3 Nd7 17. f4 h6 18. Nd2 c6 19. Bd4+ Kg6 20. dxc6 bxc6 21. c4 Bf6
22. Qc3 Be7 23. b4 c5 24. bxc5 dxc5 25. Be5 Bb7 26. Rad1 Qc8 27. Bf3 g4 28.
Bxb7 Qxb7 29. Rfe1 Rf7 30. Nf1 h5 31. Ne3 h4 32. Nd5 h3 33. Qb2 Qc6 34. Bc3 Bd8
35. Re2 hxg2 36. Rde1 Kh7 37. Re6 Qc8 38. Re8 Qc6 39. R1e6 Qa4 40. Rh8# 1-0